000 02372nam a2200481 c 4500
003 BLK
005 20190327174636.0
008 180413b bul|||||r ||||||| ||bul||
010 _aKNG00021971000
020 _a978-954-426-868-8
_bиздат.: Анубис
040 _aBLK
041 _aBUL
_cBUL
072 7 _2bullib
_aН372
_xУчебни предмети. Учебници Н
080 _aБиология в основното училище
_b372.857
_x(079)(075.2)
_z372.857(079)(075.2)
080 _aФизика в основното училище
_b372.853
_x(079)(075.2)
_z372.853(079)(075.2)
080 _aАстрономия в основното училище
_b372.852
_x(079)(075.2)
_z372.852(079)(075.2)
080 _aХимия в основното училище
_b372.854
_x(079)(075.2)
_z372.854(079)(075.2)
100 1 _aШишиньова, Мария Делова
_eпърви автор
_9143545
139 _aПриродни науки и екология VІІ клас
_bП 88
245 1 0 _aПриродни науки и екология VІІ клас
_bВъншно оценяване : Биология и здравно образование ; Физика и астрономия ; Химия и опазване на околната среда
_cМария Делова Шишиньова.
257 _aBGR
260 София
_bАнубис
_c2010
_fСофия : Вулкан
300 _a120 с.
_bс ил., табл.
_c24 см
380 _a3
500 _aДруги авт. : В. Димитрова, Е. Златкова, И. Враджалиева, С. Попова, К. Янакиева.
650 4 _aБиология - учебници за основни училища
_9251437
650 4 _aФизика - учебници за основни училища
_9247662
650 4 _aАстрономия - учебници за основни училища
_9263217
650 4 _aХимия
_9176577
653 _aбиология
653 _aфизика
653 _aастрономия
653 _aхимия
653 _aVІІ кл.
653 _aтестове
653 _aучебници за основни училища
659 _aН
852 _aЦб 251381
856 4 _qpdf
_u
856 4 _qpdf
_u
942 _cKNG
_n0
_02
944 _aCR
_c28.03.2011
_lф /
_kМилена_Ачева
944 _aED
_c16.08.2011
_lф /
_k
999 _c19816
_d19816